Normal view
MARC view
Entry Personal Name
001 - CONTROL NUMBER
- control field: 36756
003 - CONTROL NUMBER IDENTIFIER
- control field: dpl
005 - DATE AND TIME OF LATEST TRANSACTION
- control field: 20111212114021.0
008 - FIXED-LENGTH DATA ELEMENTS
- fixed length control field: 111212|||a|||||| | ||| d
040 ## - CATALOGING SOURCE
- Original cataloging agency: dpl
- Transcribing agency: dpl
100 ## - HEADING--PERSONAL NAME
- Personal name: Flew, Janine
670 ## - SOURCE DATA FOUND
- Source citation: Work cat.: (dpl): Science and history:, 2005(repr.).
670 ## - SOURCE DATA FOUND
- Source citation: Work cat.: (dpl): Science and history:, 2005(repr.).
